Terapia familiar estructural
Guardat en:
| Autor principal: | |
|---|---|
| Format: | Llibre |
| Idioma: | espanyol |
| Publicat: |
Buenos Aires
Amorrortu
2008
|
| Edició: | 2a. ed |
| Col·lecció: | Psicología Terapia Familiar
|
| Matèries: | |
| Etiquetes: |
Afegir etiqueta
Sense etiquetes, Sigues el primer a etiquetar aquest registre!
|
MARC
| LEADER | 00000cam a2200000 a 4500 | ||
|---|---|---|---|
| 001 | UCE5299 | ||
| 003 | CL-VaPUC | ||
| 008 | 141218e20080000ag |||||||||||||||||spa|d | ||
| 020 | |a 9789505181353 | ||
| 082 | 0 | 4 | |a 616.8915 |b UMB |2 21 |
| 100 | 0 | |a Umbarger, Carter C |e author |9 577846 | |
| 245 | 1 | 0 | |a Terapia familiar estructural |
| 250 | |a 2a. ed | ||
| 300 | |a 256 p | ||
| 942 | |c BK | ||
| 945 | |d 20141218 14:43:00 |a arojas | ||
| 260 | |a Buenos Aires |b Amorrortu |c 2008 | ||
| 650 | 0 | |a Terapia familiar |9 312193 | |
| 650 | 0 | |a Psicoterapia familiar |9 310747 | |
| 650 | 7 | |a PSICOTERAPIA |2 CL-VaPUC |9 577847 | |
| 583 | |a last modification |c 20141218 14:43:00 |k Rodrigo Vera | ||
| 490 | 0 | |a Psicología Terapia Familiar | |
| 999 | |c 358051 |d 358049 | ||